Вып. 3; Криогенные машины

التفاصيل البيبلوغرافية
Parent link:Криогенные машины: межвузовский сборник/ Новосибирский инженерно-строительный институт им. В. В. Куйбышева. Вып. 3.— , 1977-
مؤلف مشترك: Омский политехнический институт (ОмПИ)
اللغة:الروسية
منشور في: Омск, Изд-во ОПИ, 1979
الموضوعات:
التنسيق: كتاب
KOHA link:https://koha.lib.tpu.ru/cgi-bin/koha/opac-detail.pl?biblionumber=328867

MARC

LEADER 00000nam2a2200000 4500
001 328867
005 20231102004114.0
035 |a (RuTPU)RU\TPU\book\354596 
035 |a RU\TPU\book\354595 
090 |a 328867 
100 |a 20170227d1979 k y0rusy50 ca 
101 0 |a rus 
102 |a RU 
105 |a a z 001zy 
200 0 |a Вып. 3  |f Омский политехнический институт (ОмПИ) 
210 |a Омск  |c Изд-во ОПИ  |d 1979 
215 |a 156 с.  |c ил. 
320 |a Библиография в конце статей 
461 1 |0 (RuTPU)RU\TPU\book\333238  |t Криогенные машины  |o межвузовский сборник  |f Новосибирский инженерно-строительный институт им. В. В. Куйбышева  |v Вып. 3  |d 1977- 
606 1 |a Криогенная техника  |x Автоматизация  |2 stltpush  |3 (RuTPU)RU\TPU\subj\16267  |9 42400 
610 1 |a криогенные газовые машины 
610 1 |a расчеты 
610 1 |a вибрации 
610 1 |a трение 
610 1 |a крионасосы 
610 1 |a проточная часть 
610 1 |a дроссельные системы 
610 1 |a хладоны 
675 |a 621.59  |v 4 
712 0 2 |a Омский политехнический институт (ОмПИ)  |c (1963-1993)  |2 stltpush  |3 (RuTPU)RU\TPU\col\8042 
801 1 |a RU  |b 63413507  |c 20170227 
801 2 |a RU  |b 63413507  |c 20170315  |g RCR 
942 |c BK